• 首页
  • 本馆介绍
  • 公告通知
  • 最新文献
  • 馆藏检索
  • 电子资源
  • 读者导购
  • 参考咨询
  • 我的图书馆
  • 登录
  • 详细信息显示
  • 放入我的书架
  • 预约/预借图书
  • 作者相关作品
  • 分类相关作品
  • 丛书相关作品
  • 出版社相关作品

书目信息

  • 表格格式
  • 工作单格式
  • 卡片格式
题名:
常见病护理学
    
 
作者: 孙兆霞 总主编
分册:  
出版信息: 西安   西安交通大学出版社  2017.06
页数: 603页
开本: 29cm
丛书名:
单 册:
中图分类: R47
科图分类:
主题词: 常见病--护理
电子资源:
ISBN: 978-7-5605-9867-3
000 00753nam0 2200217 450
001 1309
005 20180928080917.79
010    @a978-7-5605-9867-3@dCNY198.00
100    @a20180819d2017 em y0chiy50 ea
101 0  @achi
102    @aCN@b610000
105    @aa z 000yy
200 1  @a常见病护理学@9chang jian bing hu li xue@f孙兆霞总主编
210    @a西安@c西安交通大学出版社@d2017.06
215    @a603页@c图@d29cm
330    @a本书内容包括护理学的发展史、护理学的基本概念、基本知识、基本技术操作和各系统常见疾病的护理。全书内容涵盖广,注重基础,又突出重点,从科学性和实用性出发,理论与实践精密结合。
606 0  @a常见病@x护理
690    @aR47@v5
701  0 @a孙兆霞@9sun zhao xia@4总主编
801  0 @aCN@b91MARC@c20180819
905    @aMuseLib@dR47@e122
    
    常见病护理学/孙兆霞总主编.-西安:西安交通大学出版社,2017.06
    603页:图;29cm
    
    
    ISBN 978-7-5605-9867-3:CNY198.00
    本书内容包括护理学的发展史、护理学的基本概念、基本知识、基本技术操作和各系统常见疾病的护理。全书内容涵盖广,注重基础,又突出重点,从科学性和实用性出发,理论与实践精密结合。
●
相关链接 在E读中查询图书 在五车中查询图书 在当当中查询图书 在豆瓣中查询图书


正题名:常见病护理学     索取号:R47/122         预约/预借

序号 登录号 条形码 馆藏地/架位号 状态 备注
1 1122093   211220935   第二样本阅览室/ [索取号:R47/122] 在馆    
2 1122094   211220944   密集书库-生命科学系/ [索取号:R47/122] 在馆    
唐山师范学院图书馆 欢迎您!
大连网信软件有限公司© 版权所有